LEADER 00899nam0 2200265 450 001 000017405 005 20081107121549.0 010 $a0801821339 100 $a20081013d1979----km-y0itay50------ba 101 0 $aeng 102 $aUS$aGB 105 $ay-------001yy 200 1 $aInternational economic policy$etheory and evidence$fedited by Rudiger Dornbusch and Jacob A. Frenkel 210 $aBaltimore$aLondon$cJohns Hopkins University$dc1979 215 $aXIV, 342 p.$d24 cm 500 10$aInternational economic policy$956760 610 1 $aCommercio internazionale$aTeorie 676 $a382.1$v19$9Commercio internazionale. Generalità 702 1$aDornbusch,$bRudiger$4070 702 1$aFrenkel,$bJacob A.$4070 801 0$aIT$bUNIPARTHENOPE$c20081013$gRICA$2UNIMARC 912 $a000017405 951 $a400/11$b672$cNAVA2 996 $aInternational economic policy$956760 997 $aUNIPARTHENOPE LEADER 02345nam0 22003013i 450 001 VAN0082545 005 20160930101342.685 100 $a20110310d2008 |0itac50 ba 101 $aita$aENG 102 $aIT 105 $a|||| ||||| 200 1 $aIndagine geochimica ed isotopica del carico disciolto nelle acque di scorrimento superficiale della valle dell'Arno: valutazione del contributo naturale ed antropico$fdi B. Nisi ... [et al.]$geditor: Barbara Nisi 205 $aTorino : Geda$b2008 210 $d157 p. : ill. ; 29 cm 215 $aIn testa al front.: APAT, Servizio geologico d'Italia, Dipartimento difesa del suolo. 410 1$1001VAN0082510$12001 $aMemorie descrittive della carta geologica d'Italia$fR. Ufficio Geologico. - Roma : Tipografia Nazionale. - L'indicazione di resp. varia in: Servizio geologico d'Italia, poi APAT, Dipartimento difesa del suolo, Servizio geologico d'Italia, poi ISPRA. - L'ed. varia in: Istituto poligrafico e Zecca dello Stato, poi APAT, poi ISPRA. - Il formato varia in: 29 cm.$vLXXIX 510 1$3VAN0082546$aGeochemical and isotopic investigation of the dissolved load in the running waters from the Arno valley: evaluation of the natural and anthropogenic input. 620 $dTorino$3VANL000001 676 $a553.78$cAcque superficiali$v22 702 1$aNisi$bBarbara$3VANV068357 712 $aGEDA$3VANV113471$4650 801 $aIT$bSOL$c20230616$gRICA 856 4 $uhttp://www.isprambiente.gov.it/site/it-IT/Pubblicazioni/Periodici_tecnici/Memorie_descrittive_della_Carta_Geologica_d'Italia/Documenti/memoriedescrittive_lxxix.html#Sommario$zhttp://www.isprambiente.gov.it/site/it-IT/Pubblicazioni/Periodici_tecnici/Memorie_descrittive_della_Carta_Geologica_d'Italia/Documenti/memoriedescrittive_lxxix.html#Sommario 899 $aBIBLIOTECA DEL DIPARTIMENTO DI SCIENZE E TECNOLOGIE AMBIENTALI BIOLOGICHE E FARMACEUTICHE$1IT-CE0101$2VAN17 912 $aVAN0082545 950 $aBIBLIOTECA DEL DIPARTIMENTO DI SCIENZE E TECNOLOGIE AMBIENTALI BIOLOGICHE E FARMACEUTICHE$d17CONS Sc103 $e17OM 133 20110310 $sBuono 996 $aIndagine geochimica ed isotopica del carico disciolto nelle acque di scorrimento superficiale della valle dell'Arno: valutazione del contributo naturale ed antropico$959864 997 $aUNICAMPANIA LEADER 01301nam0 22002771i 450 001 UON00293421 005 20231205103931.487 100 $a20070424d1963 |0itac50 ba 101 $ager 102 $aDE 105 $a|||| 1|||| 200 1 $aˆDas ‰Hörspiel$evergleichende Beschreibung und analyse einer neuen Kunstform durchgeführt an amerikanischen, deutschen, englischen und französischen Texten$fArmin P. Frank 210 $aHeidelberg$cCarl Winter Universitätsverlag$d1963 215 $a217 p.$d24 cm. 410 1$1001UON00293423$12001 $aFrankfurter Arbeiten aus dem Gebiete der Anglistik und der Amerika-Studien$1210 $aHeidelberg$cCarl Winter Universitätsverlag$d19-$v8 606 $aRADIODRAMMA$3UONC063810$2FI 620 $aDE$dHeidelberg$3UONL000174 676 $a801.3$cFilosofia e teoria. Valore, influenza, effetto$v21 700 1$aFRANK$bArmin Paul$3UONV059962$0694506 712 $aWinter Universitätsverlag$3UONV260404$4650 801 $aIT$bSOL$c20240220$gRICA 899 $aSIBA - SISTEMA BIBLIOTECARIO DI ATENEO$2UONSI 912 $aUON00293421 950 $aSIBA - SISTEMA BIBLIOTECARIO DI ATENEO$dSI TED 9 FRA $eSI ST 1960 7 996 $aHörspiel$91252407 997 $aUNIOR